[Event "HUN-chT 9697"]
[Site "Hungary"]
[Date "1997.??.??"]
[Round "11"]
[White "Adorjan, Andras"]
[Black "Beliavsky, Alexander"]
[Result "0-1"]
[WhiteElo "2525"]
[BlackElo "2615"]
[PlyCount "80"]
[EventDate "1996.??.??"]
[EventType "team"]
[EventRounds "12"]
[EventCountry "HUN"]
[Source "ChessBase"]
[SourceDate "2005.11.24"]
[WhiteTeam "Balatonalmadi"]
[BlackTeam "Miskolc"]
[WhiteTeamCountry "HUN"]
[BlackTeamCountry "HUN"]

1. c4 c6 2. d4 d5 3. cxd5 cxd5 4. Nc3 Nf6 5. Nf3 Nc6 6. Bf4 Nh5 7. Bd2 g6 8. e3
Bg7 9. Be2 O-O 10. O-O Nf6 11. Rc1 Ne4 12. Be1 Bf5 13. Qb3 Rb8 14. Na4 e6 15.
Nd2 Qg5 16. f4 Qe7 17. g4 Nxd2 18. Bxd2 Be4 19. Nc5 Rfc8 20. Nxe4 dxe4 21. Kg2
Qd7 22. Rfd1 Bf8 23. Qa4 a6 24. a3 Ra8 25. Qb3 Ne7 26. a4 Nd5 27. Rxc8 Rxc8 28.
Rc1 Rxc1 29. Bxc1 Bb4 30. Qc2 h6 31. h4 Be7 32. Kf1 Bxh4 33. Bd2 f5 34. b4 Be7
35. b5 axb5 36. Bxb5 Qd8 37. gxf5 gxf5 38. Qd1 Kg7 39. Bc4 Bb4 40. Bxd5 Qxd5
0-1

[Event "HUN-chT 9697"]
[Site "Hungary"]
[Date "1997.??.??"]
[Round "12"]
[White "Kallai, Gabor"]
[Black "Adorjan, Andras"]
[Result "1/2-1/2"]
[WhiteElo "2495"]
[BlackElo "2525"]
[PlyCount "44"]
[EventDate "1996.??.??"]
[EventType "team"]
[EventRounds "12"]
[EventCountry "HUN"]
[Source "ChessBase"]
[SourceDate "2005.11.24"]
[WhiteTeam "Torekves"]
[BlackTeam "Balatonalmadi"]
[WhiteTeamCountry "HUN"]
[BlackTeamCountry "HUN"]

1. Nf3 c5 2. c4 Nf6 3. g3 b6 4. Bg2 Bb7 5. O-O e6 6. Nc3 d6 7. Re1 a6 8. e4 Qc7
9. d4 cxd4 10. Qxd4 Be7 11. b3 O-O 12. Ba3 Rd8 13. Rad1 Nc6 14. Qd2 b5 15. cxb5
axb5 16. Bb2 Qa5 17. Nd4 Nxd4 18. Qxd4 b4 19. Na4 d5 20. exd5 Bxd5 21. Qb6 Qxb6
22. Nxb6 Bxg2 1/2-1/2

[Event "HUN-chT 9697"]
[Site "Hungary"]
[Date "1997.??.??"]
[Round "13"]
[White "Adorjan, Andras"]
[Black "Varga, Zoltan"]
[Result "1/2-1/2"]
[WhiteElo "2525"]
[BlackElo "2540"]
[PlyCount "31"]
[EventDate "1996.??.??"]
[EventType "team"]
[EventRounds "12"]
[EventCountry "HUN"]
[Source "ChessBase"]
[SourceDate "2005.11.24"]
[WhiteTeam "Balatonalmadi"]
[BlackTeam "Honved"]
[WhiteTeamCountry "HUN"]
[BlackTeamCountry "HUN"]

1. e4 e5 2. Nf3 Nc6 3. Bb5 a6 4. Ba4 Nge7 5. O-O g6 6. c3 Bg7 7. d4 exd4 8.
cxd4 O-O 9. d5 Na5 10. Nc3 b5 11. Bc2 d6 12. Re1 h6 13. h3 c5 14. dxc6 Nexc6
15. Nd5 Nc4 16. Rb1 1/2-1/2

[Event "HUN-chT 9697"]
[Site "Hungary"]
[Date "1997.??.??"]
[Round "14"]
[White "Borocz, Istvan"]
[Black "Adorjan, Andras"]
[Result "1-0"]
[WhiteElo "2415"]
[BlackElo "2525"]
[PlyCount "67"]
[EventDate "1996.??.??"]
[EventType "team"]
[EventRounds "12"]
[EventCountry "HUN"]
[Source "ChessBase"]
[SourceDate "2005.11.24"]
[WhiteTeam "Ajka"]
[BlackTeam "Balatonalmadi"]
[WhiteTeamCountry "HUN"]
[BlackTeamCountry "HUN"]

1. e4 c5 2. Nf3 d6 3. d4 cxd4 4. Nxd4 Nf6 5. Nc3 e6 6. f4 Nc6 7. Be3 Be7 8. Qf3
O-O 9. O-O-O Qc7 10. Ndb5 Qb8 11. g4 a6 12. Nd4 Nxd4 13. Bxd4 e5 14. g5 Bg4 15.
Qg3 exd4 16. gxf6 dxc3 17. h3 Bxf6 18. hxg4 Qc7 19. g5 Rfc8 20. Bd3 Bd4 21.
Rdf1 cxb2+ 22. Kb1 b5 23. e5 dxe5 24. Bxh7+ Kf8 25. fxe5 Bxe5 26. Qf3 f6 27.
Be4 Rab8 28. Rh8+ Ke7 29. Rh7 Kf8 30. Qh5 Qc4 31. Bd3 Qf7 32. Bg6 Qc4 33. Rh1
fxg5 34. Qxg5 1-0

[Event "HUN-chT 9697"]
[Site "Hungary"]
[Date "1997.??.??"]
[Round "15"]
[White "Adorjan, Andras"]
[Black "Ruck, Robert"]
[Result "1-0"]
[WhiteElo "2525"]
[BlackElo "2455"]
[PlyCount "78"]
[EventDate "1996.??.??"]
[EventType "team"]
[EventRounds "12"]
[EventCountry "HUN"]
[Source "ChessBase"]
[SourceDate "2005.11.24"]
[WhiteTeam "Balatonalmadi"]
[BlackTeam "Haladas"]
[WhiteTeamCountry "HUN"]
[BlackTeamCountry "HUN"]

1. d4 d6 2. g3 e5 3. dxe5 dxe5 4. Qxd8+ Kxd8 5. Nc3 Be6 6. Bg2 c6 7. f4 Nd7 8.
Nf3 Bb4 9. fxe5 Ne7 10. O-O Bxc3 11. bxc3 Nd5 12. Ng5 Nxe5 13. c4 Nf6 14. Nxe6+
fxe6 15. Bh6 Rg8 16. Bxg7 Rxg7 17. Rxf6 Ke7 18. Rh6 Rd8 19. Rb1 Rd7 20. c5 Ng4
21. Rh4 Ne3 22. Be4 Kd8 23. Bd3 Nd5 24. Rh5 Kc7 25. a3 Rde7 26. Re5 Nf6 27. Bc4
Rg4 28. Rxe6 Rxe6 29. Bxe6 Re4 30. Bb3 Kd8 31. Rf1 Ke7 32. Rf4 Rxe2 33. Rb4 h5
34. Rxb7+ Kd8 35. Rxa7 Ng4 36. h3 Ne5 37. Ra4 Nf3+ 38. Kf1 Rd2 39. Rf4 Nd4 1-0

[Event "Solymar op"]
[Site "Solymar"]
[Date "1996.??.??"]
[Round "?"]
[White "Deak, Ferenc"]
[Black "Adorjan, Andras"]
[Result "0-1"]
[WhiteElo "2060"]
[BlackElo "2525"]
[PlyCount "38"]
[EventDate "1996.??.??"]
[EventType "swiss (rapid)"]
[EventRounds "7"]
[EventCountry "HUN"]
[Source "ChessBase"]
[SourceDate "1998.11.10"]
[WhiteTeamCountry "HUN"]
[BlackTeamCountry "HUN"]

1. d4 Nf6 2. c4 c5 3. d5 b5 4. cxb5 a6 5. Nc3 axb5 6. e4 b4 7. Nb5 d6 8. Bf4 g5
9. Bxg5 Nxe4 10. Bf4 Bd7 11. Qf3 Qa5 12. Qxe4 Bxb5 13. Bxb5+ Qxb5 14. Ne2 Nd7
15. O-O Nf6 16. Qf3 Bg7 17. Rfe1 Qc4 18. Qg3 Kf8 19. a3 h5 0-1

[Event "Solymar op"]
[Site "Solymar"]
[Date "1996.??.??"]
[Round "?"]
[White "Feher, Gyula"]
[Black "Adorjan, Andras"]
[Result "1/2-1/2"]
[WhiteElo "2395"]
[BlackElo "2525"]
[PlyCount "26"]
[EventDate "1996.??.??"]
[EventType "swiss (rapid)"]
[EventRounds "7"]
[EventCountry "HUN"]
[Source "ChessBase"]
[SourceDate "1998.11.10"]
[WhiteTeamCountry "HUN"]
[BlackTeamCountry "HUN"]

1. e4 Nc6 2. d4 e5 3. dxe5 Nxe5 4. Nf3 Bb4+ 5. Bd2 Nxf3+ 6. Qxf3 Qe7 7. Bd3 Nf6
8. O-O Bxd2 9. Nxd2 d6 10. Bb5+ Bd7 11. Bxd7+ Nxd7 12. Qc3 Nf6 13. Rfe1 O-O-O
1/2-1/2

[Event "Solymar op"]
[Site "Solymar"]
[Date "1996.??.??"]
[Round "?"]
[White "Horvath, Gyula"]
[Black "Adorjan, Andras"]
[Result "1-0"]
[WhiteElo "2445"]
[BlackElo "2525"]
[PlyCount "55"]
[EventDate "1996.??.??"]
[EventType "swiss (rapid)"]
[EventRounds "7"]
[EventCountry "HUN"]
[Source "ChessBase"]
[SourceDate "1998.11.10"]
[WhiteTeamCountry "HUN"]
[BlackTeamCountry "HUN"]

1. e4 c5 2. Nf3 d6 3. d4 cxd4 4. Nxd4 Nf6 5. Nc3 a6 6. Bg5 e6 7. f4 Bd7 8. Qf3
Nc6 9. O-O-O Rc8 10. Bh4 Be7 11. Bf2 Qc7 12. Kb1 b5 13. Nxc6 Bxc6 14. Bd3 Qb7
15. Rde1 a5 16. Bd4 b4 17. Nd1 a4 18. g4 O-O 19. g5 Nd7 20. b3 e5 21. Bb2 Nc5
22. Nf2 exf4 23. Bc4 Nxe4 24. Nxe4 d5 25. Nf6+ Bxf6 26. gxf6 dxc4 27. Qxf4 Qb5
28. Re5 1-0

[Event "Solymar op"]
[Site "Solymar"]
[Date "1996.??.??"]
[Round "?"]
[White "Molnar, Laszlo"]
[Black "Adorjan, Andras"]
[Result "0-1"]
[WhiteElo "2250"]
[BlackElo "2525"]
[PlyCount "42"]
[EventDate "1996.??.??"]
[EventType "swiss (rapid)"]
[EventRounds "7"]
[EventCountry "HUN"]
[Source "ChessBase"]
[SourceDate "1998.11.10"]
[WhiteTeamCountry "HUN"]
[BlackTeamCountry "HUN"]

1. Nf3 c5 2. g3 b6 3. Bg2 Bb7 4. O-O g6 5. c4 Bg7 6. d4 cxd4 7. Nxd4 Bxg2 8.
Kxg2 Qc7 9. Qd3 Qb7+ 10. f3 Na6 11. Be3 Rc8 12. Na3 Nf6 13. Bg1 Nc5 14. Qd2 O-O
15. Rac1 d6 16. Rfe1 Rfd8 17. e4 a6 18. Qe2 e6 19. b4 Ncd7 20. b5 Ne5 21. f4
Ned7 0-1

[Event "Solymar op"]
[Site "Solymar"]
[Date "1996.??.??"]
[Round "?"]
[White "Nemeth, Zoltan"]
[Black "Adorjan, Andras"]
[Result "0-1"]
[WhiteElo "2395"]
[BlackElo "2525"]
[Annotator "ChessBase"]
[PlyCount "58"]
[EventDate "1996.??.??"]
[EventType "swiss (rapid)"]
[EventRounds "7"]
[EventCountry "HUN"]
[Source "ChessBase"]
[SourceDate "1998.11.10"]
[WhiteTeamCountry "HUN"]
[BlackTeamCountry "HUN"]

1. g3 e5 2. c4 c6 3. d4 exd4 4. Qxd4 Nf6 5. Nc3 d5 6. Bg2 dxc4 7. Qxc4 Be6 8.
Qf4 Bd6 9. Qh4 Be7 10. Qf4 O-O 11. Nf3 Qc8 12. O-O Bh3 13. b3 Na6 14. Bb2 Re8
15. Rfd1 Bxg2 16. Kxg2 Nc5 17. Nd4 Ne6 18. Nxe6 Qxe6 19. e3 Bf8 20. Rd3 Nd7 21.
Ne2 Nc5 22. Rdd1 a5 $1 23. Nd4 Qe4+ 24. Qxe4 Nxe4 25. f3 Nc5 26. e4 a4 27. b4
a3 28. Bc1 Na4 29. Rd3 Nb2 (29... Bxb4 $19) 0-1

[Event "Solymar op"]
[Site "Solymar"]
[Date "1996.??.??"]
[Round "?"]
[White "Szekely, Peter"]
[Black "Adorjan, Andras"]
[Result "1/2-1/2"]
[WhiteElo "2435"]
[BlackElo "2525"]
[PlyCount "28"]
[EventDate "1996.??.??"]
[EventType "swiss (rapid)"]
[EventRounds "7"]
[EventCountry "HUN"]
[Source "ChessBase"]
[SourceDate "1998.11.10"]
[WhiteTeamCountry "HUN"]
[BlackTeamCountry "HUN"]

1. Nf3 b6 2. g3 Bb7 3. Bg2 c5 4. O-O g6 5. c4 Bg7 6. Nc3 Nf6 7. d4 cxd4 8. Qxd4
d6 9. Be3 Nbd7 10. Rac1 Rc8 11. b3 a6 12. Qd2 O-O 13. Rfd1 Nc5 14. Bh6 Nce4
1/2-1/2

[Event "Solymar op"]
[Site "Solymar"]
[Date "1996.??.??"]
[Round "?"]
[White "Szieberth, Adam"]
[Black "Adorjan, Andras"]
[Result "0-1"]
[WhiteElo "2325"]
[BlackElo "2525"]
[PlyCount "48"]
[EventDate "1996.??.??"]
[EventType "swiss (rapid)"]
[EventRounds "7"]
[EventCountry "HUN"]
[Source "ChessBase"]
[SourceDate "1998.11.10"]
[WhiteTeamCountry "HUN"]
[BlackTeamCountry "HUN"]

1. e4 c5 2. Nf3 d6 3. d4 cxd4 4. Nxd4 Nf6 5. Nc3 a6 6. Be3 Nc6 7. Be2 e6 8. O-O
Be7 9. f4 O-O 10. Qe1 Bd7 11. Qg3 b5 12. e5 Ne8 13. Nxc6 Bxc6 14. Bd3 Qc7 15.
Ne4 Rd8 16. Qh3 dxe5 17. Nc5 Nf6 18. Nxa6 Qc8 19. fxe5 Ne4 20. a4 bxa4 21. Qg4
f5 22. exf6 Nxf6 23. Qh3 Rxd3 24. cxd3 Bb5 0-1

[Event "Uebach op g/45"]
[Site "Uebach"]
[Date "1996.??.??"]
[Round "1"]
[White "Auschner, M."]
[Black "Adorjan, Andras"]
[Result "0-1"]
[WhiteElo "1970"]
[BlackElo "2530"]
[PlyCount "61"]
[EventDate "1996.??.??"]
[EventType "swiss"]
[EventRounds "9"]
[EventCountry "GER"]
[Source "ChessBase"]
[SourceDate "2003.11.25"]
[WhiteTeamCountry "HUN"]
[BlackTeamCountry "HUN"]

1. d4 Nf6 2. c4 c5 3. d5 b5 4. a4 b4 5. g3 g6 6. Bg2 Bg7 7. Qc2 O-O 8. e4 a5 9.
Ne2 Ra7 10. Nd2 e6 11. O-O d6 12. Rb1 Re8 13. dxe6 fxe6 14. b3 Nc6 15. Bb2 e5
16. h3 Rae7 17. Rbd1 Bb7 18. Rfe1 Bc8 19. Kh2 h5 20. Bc1 Nd4 21. Qd3 Kh7 22.
Ng1 Bh6 23. Nf1 Bxc1 24. Rxc1 Rf8 25. Nd2 h4 26. Ngf3 Nh5 27. Rf1 hxg3+ 28.
fxg3 Kg7 29. Rce1 Nf6 30. Nh4 Ref7 31. Kg1 0-1

[Event "Uebach op g/45"]
[Site "Uebach"]
[Date "1996.??.??"]
[Round "2"]
[White "Gurevich, X."]
[Black "Adorjan, Andras"]
[Result "0-1"]
[WhiteElo "2130"]
[BlackElo "2530"]
[PlyCount "64"]
[EventDate "1996.??.??"]
[EventType "swiss"]
[EventRounds "9"]
[EventCountry "GER"]
[Source "ChessBase"]
[SourceDate "2003.11.25"]
[WhiteTeamCountry "HUN"]
[BlackTeamCountry "HUN"]

1. e4 c5 2. Nf3 d6 3. d4 cxd4 4. Nxd4 Nf6 5. Nc3 a6 6. Bc4 e6 7. Bb3 Nbd7 8. f4
Nc5 9. O-O h5 10. Qe2 b5 11. e5 dxe5 12. Nc6 Qb6 13. Kh1 Qxc6 14. fxe5 Ng4 15.
Bg5 Bb7 16. Rad1 Be7 17. Bxe7 Kxe7 18. Nd5+ exd5 19. Bxd5 Qxd5 20. Rxd5 Bxd5
21. b3 Ne4 22. c4 bxc4 23. bxc4 Bc6 24. Kg1 Rhd8 25. Qe1 Rab8 26. Qh4+ f6 27.
e6 g6 28. h3 Ne5 29. Qf4 Rb2 30. Qh6 Rdd2 31. Qg7+ Kxe6 32. Qg8+ Ke7 0-1

[Event "Uebach op g/45"]
[Site "Uebach"]
[Date "1996.??.??"]
[Round "3"]
[White "Schebler, Gerhard"]
[Black "Adorjan, Andras"]
[Result "1-0"]
[WhiteElo "2420"]
[BlackElo "2530"]
[PlyCount "87"]
[EventDate "1996.??.??"]
[EventType "swiss"]
[EventRounds "9"]
[EventCountry "GER"]
[Source "ChessBase"]
[SourceDate "2003.11.25"]
[WhiteTeamCountry "HUN"]
[BlackTeamCountry "HUN"]

1. d4 Nf6 2. Nf3 g6 3. c4 Bg7 4. Nc3 d5 5. Bg5 Ne4 6. cxd5 Nxg5 7. Nxg5 c6 8.
Nf3 cxd5 9. e3 O-O 10. Be2 Nc6 11. O-O e6 12. Rc1 b6 13. Qa4 Na5 14. b4 Bd7 15.
Bb5 Bxb5 16. Nxb5 Nc4 17. Na3 a6 18. Nxc4 b5 19. Qc2 bxc4 20. Rb1 Qd6 21. Rb2
Rfb8 22. Rfb1 Rb6 23. a4 Rab8 24. b5 Qd7 25. bxa6 Rxb2 26. Rxb2 Rxb2 27. Qxb2
Qxa4 28. h4 Qxa6 29. Qb8+ Bf8 30. Ne5 Qd6 31. Qc8 h5 32. e4 dxe4 33. Qxc4 Qd8
34. g3 Bg7 35. Nc6 Qd6 36. Kg2 Bf6 37. Kf1 e3 38. Qc5 Qc7 39. d5 exd5 40. Qxd5
Bxh4 41. gxh4 Qf4 42. Ne7+ Kf8 43. Qd8+ Kg7 44. Qg8+ 1-0

[Event "Uebach op g/45"]
[Site "Uebach"]
[Date "1996.??.??"]
[Round "4"]
[White "Ikonnikov, Vyacheslav"]
[Black "Adorjan, Andras"]
[Result "0-1"]
[WhiteElo "2535"]
[BlackElo "2530"]
[PlyCount "78"]
[EventDate "1996.??.??"]
[EventType "swiss"]
[EventRounds "9"]
[EventCountry "GER"]
[Source "ChessBase"]
[SourceDate "2003.11.25"]
[WhiteTeamCountry "HUN"]
[BlackTeamCountry "HUN"]

1. d4 Nf6 2. Nf3 g6 3. c4 Bg7 4. Nc3 d5 5. cxd5 Nxd5 6. e4 Nxc3 7. bxc3 c5 8.
Be3 Qa5 9. Qd2 Nc6 10. Rb1 O-O 11. Rb5 cxd4 12. Rxa5 dxe3 13. Qxe3 Nxa5 14. Nd4
Bd7 15. Be2 Rfc8 16. O-O Rc7 17. e5 e6 18. Bb5 Nc4 19. Bxc4 Rxc4 20. Rd1 Rac8
21. Ne2 Bc6 22. Qxa7 Bxe5 23. h3 Bf6 24. Rd2 Kg7 25. Nd4 Rd8 26. Re2 Bd5 27.
Nb5 h5 28. a4 Bc6 29. Re1 h4 30. Nd4 Rxa4 31. Qb6 Bd5 32. Qb2 Rda8 33. Qb6 Ra1
34. Rb1 Be4 35. Nxe6+ fxe6 36. Qc7+ Kg8 37. Rxa1 Rxa1+ 38. Kh2 Ra8 39. f3 Bc6
0-1

[Event "Uebach op g/45"]
[Site "Uebach"]
[Date "1996.??.??"]
[Round "4"]
[White "Oepen, Lothar"]
[Black "Adorjan, Andras"]
[Result "0-1"]
[WhiteElo "2155"]
[BlackElo "2530"]
[PlyCount "74"]
[EventDate "1996.??.??"]
[EventType "swiss"]
[EventRounds "9"]
[EventCountry "GER"]
[Source "ChessBase"]
[SourceDate "2003.11.25"]
[WhiteTeamCountry "HUN"]
[BlackTeamCountry "HUN"]

1. c4 g6 2. g3 Bg7 3. Bg2 Nc6 4. Nc3 e5 5. e4 h5 6. h4 Nf6 7. d3 d6 8. Bg5 Nd4
9. Qd2 c6 10. Nge2 Ne6 11. d4 exd4 12. Nxd4 Nxg5 13. hxg5 Ng4 14. O-O-O a5 15.
f4 a4 16. a3 O-O 17. Bh3 Qb6 18. Rhf1 Qc5 19. f5 Bxd4 20. Qxd4 Ne3 21. Qxd6
Qxd6 22. Rxd6 Nxf1 23. Bxf1 gxf5 24. Be2 Kg7 25. Bxh5 Rh8 26. Bd1 Ra5 27. Nxa4
fxe4 28. Nc3 e3 29. g6 fxg6 30. Ne2 Rh1 31. Nf4 Rg5 32. Kc2 Rxg3 33. Be2 Rh2
34. Kc3 Rf2 35. Rd4 c5 36. Re4 Bf5 37. Re7+ Kf8 0-1

[Event "Uebach op g/45"]
[Site "Uebach"]
[Date "1996.??.??"]
[Round "6"]
[White "Behl, Torsten"]
[Black "Adorjan, Andras"]
[Result "1-0"]
[WhiteElo "2050"]
[BlackElo "2530"]
[PlyCount "70"]
[EventDate "1996.??.??"]
[EventType "swiss"]
[EventRounds "9"]
[EventCountry "GER"]
[Source "ChessBase"]
[SourceDate "2003.11.25"]
[WhiteTeamCountry "HUN"]
[BlackTeamCountry "HUN"]

1. e4 c5 2. Nf3 Nc6 3. d4 cxd4 4. Nxd4 Qc7 5. c4 Nf6 6. f3 e6 7. Be3 a6 8. Be2
Bd6 9. g3 b6 10. Nc3 Bb7 11. Qd2 Bc5 12. Rd1 O-O 13. Kf2 Rad8 14. Nc2 d6 15. a3
Ne7 16. b4 Bxe3+ 17. Qxe3 d5 18. cxd5 exd5 19. e5 Nf5 20. Qf4 Qxc3 21. Qxf5
Ne4+ 22. fxe4 Qxc2 23. Rc1 Qb2 24. Rc7 Bc8 25. Qf3 Qxe5 26. Rhc1 Be6 27. Bd3 g6
28. Qe3 Qb2+ 29. R1c2 Qxa3 30. exd5 Bxd5 31. b5 Rfe8 32. R2c3 Qa2+ 33. Rc2 Rxe3
34. Rxa2 Rxd3 35. bxa6 Bxa2 1-0

[Event "Uebach op g/45"]
[Site "Uebach"]
[Date "1996.??.??"]
[Round "7"]
[White "Sonntag, Hans Hubert"]
[Black "Adorjan, Andras"]
[Result "1/2-1/2"]
[WhiteElo "2405"]
[BlackElo "2530"]
[PlyCount "94"]
[EventDate "1996.??.??"]
[EventType "swiss"]
[EventRounds "9"]
[EventCountry "GER"]
[Source "ChessBase"]
[SourceDate "2003.11.25"]
[WhiteTeamCountry "HUN"]
[BlackTeamCountry "HUN"]

1. d4 Nf6 2. Nf3 g6 3. Bf4 Bg7 4. e3 O-O 5. Be2 c5 6. O-O b6 7. Nbd2 Nc6 8. c3
Nh5 9. Bg5 h6 10. Bh4 g5 11. Ne1 cxd4 12. exd4 Nf4 13. Bg3 Nxe2+ 14. Qxe2 a5
15. f4 Ba6 16. Nd3 e6 17. Nf3 f5 18. h4 g4 19. Nfe5 Ne7 20. b3 Qc7 21. Rac1 d6
22. Nc4 Bxc4 23. bxc4 Qxc4 24. Rfe1 Kh8 25. h5 Nd5 26. Ne5 Qxe2 27. Ng6+ Kg8
28. Rxe2 Rfe8 29. Bf2 Nf6 30. Rb2 Nxh5 31. Rxb6 Kh7 32. Nh4 Nxf4 33. Rc2 d5 34.
g3 Nh3+ 35. Kg2 Rac8 36. Rb7 Ng5 37. Ra7 Ne4 38. Be1 Rb8 39. Kf1 Rb1 40. Ke2
Reb8 41. Ng2 Rxe1+ 42. Kxe1 Rb1+ 43. Ke2 Nxg3+ 44. Kd3 Rf1 45. Rb2 Kg6 46. Nh4+
Kg5 47. Rxg7+ Kf4 1/2-1/2

[Event "Uebach op g/45"]
[Site "Uebach"]
[Date "1996.??.??"]
[Round "8"]
[White "Kocur, Johan"]
[Black "Adorjan, Andras"]
[Result "0-1"]
[WhiteElo "2125"]
[BlackElo "2530"]
[PlyCount "66"]
[EventDate "1996.??.??"]
[EventType "swiss"]
[EventRounds "9"]
[EventCountry "GER"]
[Source "ChessBase"]
[SourceDate "2003.11.25"]
[WhiteTeamCountry "HUN"]
[BlackTeamCountry "HUN"]

1. e4 c5 2. c3 g6 3. d4 cxd4 4. cxd4 d5 5. e5 Bg7 6. Bd3 Nc6 7. Ne2 Nh6 8. O-O
O-O 9. Nbc3 Nf5 10. Bc2 Be6 11. f3 Qb6 12. Na4 Qc7 13. Rf2 Nfxd4 14. Nxd4 Nxd4
15. Qxd4 Bxe5 16. Qd2 Bxh2+ 17. Kf1 d4 18. b3 b5 19. Nb2 d3 20. Bxd3 Rfd8 21.
f4 Bg3 22. Rf3 Bh4 23. f5 Bxf5 24. Qh6 Qh2 25. Bf4 Qh1+ 26. Ke2 Qxa1 27. Be5
Bf6 28. Rf1 Bxd3+ 29. Nxd3 Qxa2+ 30. Ke3 Rxd3+ 31. Kxd3 Qxb3+ 32. Ke2 Bxe5 33.
Rh1 Rc8 0-1

[Event "Uebach op g/45"]
[Site "Uebach"]
[Date "1996.??.??"]
[Round "9"]
[White "Lazarev, Vladimir"]
[Black "Adorjan, Andras"]
[Result "0-1"]
[WhiteElo "2445"]
[BlackElo "2530"]
[PlyCount "104"]
[EventDate "1996.??.??"]
[EventType "swiss"]
[EventRounds "9"]
[EventCountry "GER"]
[Source "ChessBase"]
[SourceDate "2003.11.25"]
[WhiteTeamCountry "HUN"]
[BlackTeamCountry "HUN"]

1. d4 Nf6 2. c4 g6 3. Nc3 d5 4. cxd5 Nxd5 5. e4 Nxc3 6. bxc3 Bg7 7. Bc4 O-O 8.
Ne2 b6 9. Qd3 Nc6 10. O-O Na5 11. Ba6 e6 12. Ba3 Bxa6 13. Qxa6 Qc8 14. Qd3 Rd8
15. Rad1 Qd7 16. Bc1 Qa4 17. Qb1 c5 18. Bg5 Rd7 19. dxc5 Rxd1 20. Rxd1 Qc4 21.
Qd3 Qxc5 22. h4 h6 23. Be3 Qc4 24. Rd2 Qxd3 25. Rxd3 Nc4 26. Bf4 Ne5 27. Rd2
Rc8 28. f3 Kf8 29. Kf2 Ke7 30. Bxe5 Bxe5 31. Rd3 Rc4 32. Ke3 Bd6 33. Rd2 f5 34.
Kd3 Ra4 35. exf5 gxf5 36. Nd4 Bc5 37. Re2 Bxd4 38. cxd4 Kd6 39. Kc3 h5 40. Rb2
Kc6 41. Re2 Kd5 42. Re5+ Kd6 43. Re2 a6 44. Rb2 b5 45. Re2 Rc4+ 46. Kd3 Rb4 47.
g4 fxg4 48. fxg4 hxg4 49. h5 Rb1 50. Rg2 Rh1 51. Rxg4 Rxh5 52. Rg3 Kd5 0-1

[Event "Balatonbereny op"]
[Site "Balatonbereny"]
[Date "1996.??.??"]
[Round "1"]
[White "Kleeschaetzky, Ralf"]
[Black "Adorjan, Andras"]
[Result "0-1"]
[WhiteElo "2295"]
[BlackElo "2525"]
[PlyCount "70"]
[EventDate "1996.06.13"]
[EventType "swiss"]
[EventRounds "9"]
[EventCountry "HUN"]
[Source "ChessBase"]
[SourceDate "1996.09.01"]
[WhiteTeamCountry "HUN"]
[BlackTeamCountry "HUN"]

1. Nf3 c5 2. c4 g6 3. d4 cxd4 4. Nxd4 Bg7 5. e4 b6 6. Nc3 Bb7 7. Be2 d6 8. Be3
Nf6 9. f3 O-O 10. O-O Nbd7 11. Rc1 Re8 12. Qd2 a6 13. Rfd1 Rc8 14. Nd5 e6 15.
Nxf6+ Nxf6 16. Nb3 d5 17. c5 b5 18. Na5 Ba8 19. a4 bxa4 20. Bxa6 Rb8 21. e5 Nh5
22. f4 d4 23. c6 Qb6 24. Qxd4 Qxa6 25. Qa7 Qxa7 26. Bxa7 Rbc8 27. g3 g5 28. Rd4
gxf4 29. gxf4 Bh6 30. Rxa4 Nxf4 31. Rcc4 Ng6 32. b4 Nxe5 33. b5 Red8 34. Bd4
Nxc4 35. Rxc4 Rxd4 0-1

[Event "Balatonbereny op"]
[Site "Balatonbereny"]
[Date "1996.??.??"]
[Round "2"]
[White "Adorjan, Andras"]
[Black "Feher, Gyula"]
[Result "1/2-1/2"]
[WhiteElo "2525"]
[BlackElo "2395"]
[PlyCount "57"]
[EventDate "1996.06.13"]
[EventType "swiss"]
[EventRounds "9"]
[EventCountry "HUN"]
[Source "ChessBase"]
[SourceDate "1996.09.01"]
[WhiteTeamCountry "HUN"]
[BlackTeamCountry "HUN"]

1. e4 c5 2. c4 Nc6 3. Nc3 g6 4. g3 Bg7 5. Bg2 Nf6 6. Nge2 d6 7. O-O O-O 8. d3
Ne8 9. f4 Bg4 10. h3 Bxe2 11. Qxe2 Nc7 12. f5 Rb8 13. Bg5 b5 14. Kh1 h6 15. Be3
e6 16. fxg6 fxg6 17. Nxb5 Nxb5 18. cxb5 Rxb5 19. d4 Rb8 20. dxc5 dxc5 21. Qc4
Nd4 22. Rxf8+ Qxf8 23. Bxd4 cxd4 24. Qxe6+ Qf7 25. Qxf7+ Kxf7 26. b3 Rc8 27.
Bf1 Rc2 28. Bd3 Rd2 29. Rf1+ 1/2-1/2

[Event "Balatonbereny op"]
[Site "Balatonbereny"]
[Date "1996.??.??"]
[Round "3"]
[White "Collas, Didier"]
[Black "Adorjan, Andras"]
[Result "1/2-1/2"]
[WhiteElo "2380"]
[BlackElo "2525"]
[PlyCount "125"]
[EventDate "1996.06.13"]
[EventType "swiss"]
[EventRounds "9"]
[EventCountry "HUN"]
[Source "ChessBase"]
[SourceDate "1996.09.01"]
[WhiteTeamCountry "HUN"]
[BlackTeamCountry "HUN"]

1. Nf3 c5 2. g3 b6 3. Bg2 Bb7 4. c4 g6 5. Nc3 Bg7 6. O-O Nc6 7. a3 Rc8 8. d3
Nf6 9. Bd2 O-O 10. b4 d5 11. Nxd5 Nxd5 12. cxd5 Qxd5 13. Ng5 Qd7 14. Bh3 e6 15.
Rc1 cxb4 16. axb4 Nd4 17. Bg2 Rxc1 18. Bxc1 Bxg2 19. Kxg2 Qc6+ 20. Nf3 Nxf3 21.
exf3 Qb5 22. Qd2 Rd8 23. Qa2 a5 24. bxa5 bxa5 25. Be3 Rb8 26. d4 a4 27. Ra1 Ra8
28. Rb1 Qd5 29. Qxd5 exd5 30. Kf1 h5 31. Ke2 a3 32. Kd3 Ra4 33. Kc3 Rc4+ 34.
Kb3 Bxd4 35. Kxa3 Bxe3 36. fxe3 d4 37. exd4 Rxd4 38. h4 Kg7 39. Rb3 Kf6 40. Kb2
Rd2+ 41. Kc3 Rg2 42. Kd4 Rxg3 43. Ke3 Rh3 44. Rb4 Rh2 45. Ra4 Kg7 46. Rb4 Kh6
47. Rf4 f6 48. Rxf6 Rxh4 49. f4 Kg7 50. Ra6 Rh1 51. Kf3 Rb1 52. Kg3 Rb3+ 53.
Kg2 Kf7 54. Kf2 h4 55. Kg2 Rg3+ 56. Kf2 Rd3 57. Kg2 Re3 58. Ra7+ Kf6 59. Ra5
Rg3+ 60. Kf2 Rb3 61. Kg2 h3+ 62. Kh2 Rf3 63. Rb5 1/2-1/2

[Event "Balatonbereny op"]
[Site "Balatonbereny"]
[Date "1996.??.??"]
[Round "4"]
[White "Adorjan, Andras"]
[Black "Madl, Ildiko"]
[Result "1-0"]
[WhiteElo "2525"]
[BlackElo "2375"]
[PlyCount "45"]
[EventDate "1996.06.13"]
[EventType "swiss"]
[EventRounds "9"]
[EventCountry "HUN"]
[Source "ChessBase"]
[SourceDate "1996.09.01"]
[WhiteTeamCountry "HUN"]
[BlackTeamCountry "HUN"]

1. d4 Nf6 2. Nf3 c5 3. d5 g6 4. c4 Bg7 5. g3 O-O 6. Bg2 e6 7. dxe6 fxe6 8. Nc3
Nc6 9. O-O Kh8 10. Bg5 Qa5 11. Rc1 a6 12. Qd6 Ne8 13. Qd2 b5 14. b3 Ra7 15. Bh6
d6 16. Bxg7+ Rxg7 17. Ng5 Nd8 18. Rfd1 bxc4 19. bxc4 Qc7 20. Nce4 Nb7 21. Rb1
Kg8 22. Rxb7 Qxb7 23. Nxd6 1-0